000 00733nam a2200289Ia 4500
005 20260324112604.0
008 008 260324s9999 xx 000 0 eng d
020 _a9781003411796
037 _aEBOOK
040 _aCRL
040 _beng
040 _cCRL
041 _2eng
041 _aeng
084 _qCRL
100 _aLee Bush; Karen Lindsey
_91143329
245 0 _aDiversity, Equity, and Inclusion in Strategic Communications
245 0 _bBecoming Culturally Proficient Communicators
260 _bTaylor and Francis
260 _c2024
365 _a
365 _b230
856 _uhttp://www.taylorfrancis.com/books/9781003411796
942 _cEBOOK
999 _c1732587
_d1732587